| 000 | 00834nam a2200241 i 4500 | ||
|---|---|---|---|
| 001 | 15278 | ||
| 003 | ES-MaACL | ||
| 005 | 20250824091656.0 | ||
| 007 | t| | ||
| 008 | 000211s1999 sp ||||1| spa d | ||
| 020 | _a84-206-3449-2 | ||
| 080 | _a821.134.3(81)-31"19" | ||
| 100 | 1 |
_aRosa, Joao Guimaraes. _999604 |
|
| 245 | 1 | 0 |
_aGran Sertón _b: veredas / _cJoao Guimaraes Rosa ; traducción de Angel Crespo ; prólogo de Antonio Maura. |
| 260 |
_aMadrid : _bAlianza Editorial, _c[1999] |
||
| 300 |
_a617 p. ; _c18 cm. |
||
| 490 | 1 |
_aEl libro de bolsillo. Sección literatura ; _v5530 |
|
| 700 | 1 |
_aCrespo, Ángel, _d1926-1995 _941513 |
|
| 700 | 1 |
_aMaura, Antonio, _d1953- _9165500 |
|
| 830 | 0 | 3 |
_aEl libro de bolsillo. _pLiteratura _v5530 _9180913 |
| 852 |
_aES-MaACL _jL-22561 _bR.127901 |
||
| 999 |
_c15278 _d15278 |
||